UM Logo

Programming: (Record no. 1624)

MARC details
000 -LEADER
fixed length control field 00587nam a2200181 4500
008 - FIXED-LENGTH DATA ELEMENTS--GENERAL INFORMATION
fixed length control field 160409b xxu||||| |||| 00| 0 eng d
020 ## - INTERNATIONAL STANDARD BOOK NUMBER
International Standard Book Number 9780071624725
082 ## - DEWEY DECIMAL CLASSIFICATION NUMBER
Edition number 2009
Classification number DC 005.1
Item number M28
100 ## - MAIN ENTRY--PERSONAL NAME
9 (RLIN) 5080
Personal name Mansfield, Richard
245 ## - TITLE STATEMENT
Title Programming:
Remainder of title a beginner's guide/
Statement of responsibility, etc. Mansfield, Richard.
260 ## - PUBLICATION, DISTRIBUTION, ETC. (IMPRINT)
Place of publication, distribution, etc. New York:
Name of publisher, distributor, etc. McGraw-Hill,
Date of publication, distribution, etc. c2009.
300 ## - PHYSICAL DESCRIPTION
Extent xxi, 330 pages:
Other physical details illustrations;
Dimensions 23 cm.
500 ## - GENERAL NOTE
General note Includes appendices, glossary and index.
650 #0 - SUBJECT ADDED ENTRY--TOPICAL TERM
9 (RLIN) 5078
Topical term or geographic name as entry element Computer programming
650 #0 - SUBJECT ADDED ENTRY--TOPICAL TERM
9 (RLIN) 5079
Topical term or geographic name as entry element Programming languages
365 ## - TRADE PRICE
Price amount 2, 995.00
Currency code Php
942 ## - ADDED ENTRY ELEMENTS (KOHA)
Source of classification or shelving scheme Dewey Decimal Classification
Koha item type Circulation
Holdings
Withdrawn status Lost status Source of classification or shelving scheme Damaged status Not for loan Collection code Home library Current library Date acquired Source of acquisition Total Checkouts Full call number Barcode Date last seen Date last checked out Copy number Price effective from Koha item type
    Dewey Decimal Classification     Circulation UM Digos College - LIC UM Digos College - LIC 09/24/2010 Purchased 3 DC 005.1 M28 2009 20950 02/14/2018 02/14/2018 1 04/09/2016 Circulation